|
|
|
|
| LEADER |
01625nam a2200409 a 4500 |
| 001 |
000541875 |
| 003 |
CZ BrMZK |
| 005 |
20071112104834.0 |
| 007 |
ta |
| 008 |
000115s2000 xr e c cze d |
| 015 |
|
|
|a cnb000993566
|
| 020 |
|
|
|a 80-85025-24-8
|
| 035 |
|
|
|a (OCoLC)47949531
|
| 040 |
|
|
|a BOA001
|b cze
|
| 043 |
|
|
|a e-xr---
|
| 072 |
|
7 |
|a 75
|x Malířství
|2 Konspekt
|9 21
|
| 080 |
|
|
|a 75(437.3)
|2 MRF
|
| 080 |
|
|
|a 75.047
|2 MRF
|
| 080 |
|
|
|a 75.036/.038
|2 MRF
|
| 080 |
|
|
|a (437.3)
|2 MRF
|
| 080 |
|
|
|a (083.824)
|2 MRF
|
| 100 |
1 |
|
|a Trampota, Jan,
|d 1889-1942
|7 jn20000728759
|
| 245 |
1 |
0 |
|a Jan Trampota :
|b Krajina zahrada : [katalog výstavy] : Státní galerie výtvarného umění v Náchodě : Galerie moderního umění v Hradci Králové : Státní galerie výtvarného umění v Chebu /
|c [koncepce katalogu a text Jiří Zemánek].
|
| 246 |
3 |
3 |
|a Krajina zahrada
|
| 260 |
|
|
|a Hradec Králové :
|b Galerie moderního umění,
|c 2000
|
| 300 |
|
|
|a [36] s. :
|b barev. il. ;
|c 21 cm
|
| 500 |
|
|
|a Bibliogr.
|
| 600 |
1 |
7 |
|a Trampota, Jan,
|d 1889-1942
|7 jn20000728759
|2 czenas
|
| 650 |
0 |
7 |
|a české malířství
|7 ph116864
|y 20. stol.
|2 czenas
|
| 650 |
0 |
7 |
|a krajinomalba
|7 ph121926
|z Česko
|y 20. stol.
|2 czenas
|
| 650 |
0 |
7 |
|a moderní malířství
|7 ph122940
|z Česko
|2 czenas
|
| 655 |
|
7 |
|a katalogy výstav
|7 fd132536
|2 czenas
|
| 700 |
1 |
|
|a Zemánek, Jiří,
|d 1946-
|7 jn20001031006
|
| 710 |
2 |
|
|a Galerie moderního umění (Hradec Králové, Česko)
|7 kn20010709266
|
| 910 |
|
|
|a BOA001
|b 2-1079.636
|
| 990 |
|
|
|a BK
|
| 996 |
6 |
|
|b 2610125683
|c 2-1079.636
|l MZK
|r Sklad / do 1 hodiny
|n 7
|p p.v.
|w 000541875
|u 000010
|a 1
|e BOA001
|j MZK50
|s P
|